[Event "RUS-ch sf"]
[Site "Novosibirsk"]
[Date "1995.??.??"]
[Round "4"]
[White "Khasin, Alexander"]
[Black "Remizov, Juri"]
[Result "1-0"]
[WhiteElo "2480"]
[BlackElo "2155"]
[PlyCount "71"]
[EventDate "1995.??.??"]
[EventType "swiss"]
[EventRounds "9"]
[EventCountry "RUS"]
[SourceTitle "CBM 049 Extra"]
[Source "ChessBase"]
[SourceDate "1996.01.01"]
[SourceVersion "1"]
[SourceVersionDate "1996.01.01"]
[SourceQuality "1"]

1. c4 e5 2. Nc3 Nc6 3. g3 g6 4. Rb1 f5 5. Bg2 Nf6 6. d3 a6 7. Nf3 Rb8 8. 0-0 d6 9. b4 b5 10. cxb5 axb5 11. a4 bxa4 12. Qxa4 Bd7 13. b5 Ne7 14. Bg5 Bg7 15. Qc4 h6 16. Bxf6 Bxf6 17. Rfc1 Kf8 18. Nd2 Be8 19. Nd5 Nxd5 20. Bxd5 Rh7 21. Bc6 Bf7 22. Qb4 Be6 23. Nc4 Bxc4 24. Qxc4 Re7 25. Ra1 e4 26. Ra7 exd3 27. Qxd3 d5 28. Bxd5 Rd7 29. e4 fxe4 30. Qxe4 Rxd5 31. Rcxc7 Rf5 32. Rh7 Qb6 33. Qb4+ Qc5 34. Qxc5+ Rxc5 35. Rhf7+ Ke8 36. Rxf6 1-0